000 00695nam a2200229Ii 4500
003 JO-AjNU
008 230605s9999||||xx |||||||||||||| ||und||
017 _a1993/8/932
020 _a9957-16-126-1
040 _aJO-AjNU
_bara
_erda
_cJO-AjNU
041 _aara
050 1 4 _aKMM272.K369.2009
100 3 _a كنعان ، نواف ,
_eauthor
_911682
245 0 0 _aالقضاء الإداري
250 _aط1
264 3 1 _aعمان : دار الثقافة ، 2009
300 _a403ص
336 _atext
_btxt
_2rdacontent
337 _aunmediated
_bn
_2rdamedia
338 _avolume
_bnc
_2rdacarrier
650 4 _aالعلوم الاجتماعية -- القانون الاداري
_911683
999 _aA2451
_c6019
_d6019